Đánh giá hàm lượng kim loại nặng trong đất trồng rau và một số chỉ tiêu chất lượng rau ở vùng đất phù sa ngoài đê sông Hồng, huyện Thanh Trì, thành phố Hà Nội /
Saved in:
| Main Author: | |
|---|---|
| Format: | Article |
| Language: | Vietnamese |
| Subjects: | |
| Tags: |
Add Tag
No Tags, Be the first to tag this record!
|
| Institutions: | Thư viện Trường Đại học Đà Lạt |
|---|
| LEADER | 00946nam a2200265 4500 | ||
|---|---|---|---|
| 001 | DLU190193643 | ||
| 005 | ##20191125 | ||
| 040 | # | # | |a DLU |b vie |
| 041 | # | # | |a vie |
| 044 | # | # | |a vn |
| 100 | # | # | |a Phan Quốc Hưng. |
| 245 | # | # | |a Đánh giá hàm lượng kim loại nặng trong đất trồng rau và một số chỉ tiêu chất lượng rau ở vùng đất phù sa ngoài đê sông Hồng, huyện Thanh Trì, thành phố Hà Nội / |c Phan Quốc Hưng. |
| 653 | # | # | |a Đất trồng rau |
| 653 | # | # | |a Chất lượng rau |
| 653 | # | # | |a Hàm lượng |
| 653 | # | # | |a Kim loại nặng |
| 773 | # | # | |t Nông nghiệp & Phát triển nông thôn |g Số 321, 2017, tr. 68-75 |
| 920 | # | # | |a Phòng Tạp chí -- Trung tâm Thông tin - Thư viện Trường Đại học Đà Lạt |
| 900 | # | # | |a True |
| 911 | # | # | |a Nguyễn Thị Thu Phương |
| 925 | # | # | |a G |
| 926 | # | # | |a A |
| 927 | # | # | |a BB |
| 980 | # | # | |a Thư viện Trường Đại học Đà Lạt |